[Event "EWCCC Online Final 2020"]
[Site "Online"]
[Date "2020.12.21"]
[Round "5.5"]
[White "Papp, Petra"]
[Black "Mammadova, Gulnar"]
[Result "1/2-1/2"]
[WhiteElo "2336"]
[BlackElo "2382"]
[Annotator "TA"]
[PlyCount "61"]
[EventDate "2020.12.19"]
[EventType "team-tourn"]
[EventCountry "NET"]
[SourceTitle "playchess.com"]
[Source "ChessBase"]
[SourceQuality "1"]

{[%evp 17,61,0,0,0,0,0,0,0,62,54,121,122,113,113,146,67,64,70,76,68,76,89,112,112,121,93,195,136,208,58,156,146,139,155,268,260,185,0,0,0,0,0,97,100,64,6]} 1. e4 e6 2. d4 d5 3. Nc3 Bb4 4. e5 c5 5. a3 Bxc3+ 6. bxc3 Qa5 7. Bd2 Qa4 8. Qg4 Kf8 9. h4 {is the new trend.} Ne7 10. h5 {C18: French: 3 Nc3 Bb4: Main line: 7 h4 and 7 Qg4.} h6 $1 11. Rh3 Nbc6 12. Qf4 {The position is equal.} Ke8 ({Black should try} 12... c4 $11) 13. dxc5 Qxc2 ({Black should play} 13... Qxf4 $1 $14 14. Bxf4 b6) 14. Bd3 $1 $16 {[%cal Rd3c2]} Qb2 {[#]} 15. Rc1 $146 ({Predecessor:} 15. Rb1 Qxa3 16. Ne2 Nf5 17. Rf3 Rf8 18. g4 Nfe7 19. g5 hxg5 20. Qxg5 Nf5 21. Bxf5 exf5 22. Qxg7 d4 23. Bh6 dxc3 24. Qxf8+ {1-0 (24) Lagunes,J (2157)-Heyman,J (2071) Cannes 2000}) 15... Qxa3 16. Rg3 ({Better is} 16. Rf3 $1 $16) 16... Qxc5 $14 17. Rxg7 Nf5 18. Bxf5 exf5 19. Nf3 Qe7 20. Kf1 {[%mdl 1024] White has strong compensation.} Be6 21. Kg1 a5 (21... Qc7 $16) 22. Qa4 (22. Nh4 $18) 22... Qd7 {[#]} (22... Qf8 $16 23. Rg3 Bd7) 23. Ra1 (23. Bxh6 $1 $18 {[%mdl 512] Strongly threatening Qf4.} d4 (23... Rxh6 24. Rg8+) 24. Qa1 (24. cxd4 Ne7 $11)) 23... Ne7 (23... d4 $14) 24. Qf4 a4 25. Bc1 b5 (25... Qc6 $16 {was necessary.}) 26. Ba3 Rc8 27. Qe3 $2 (27. Rc1 $18) 27... f4 $1 $11 {[%cal Rf4e3]} 28. Qxf4 {Black must now prevent Nd4.} Nf5 29. Rg4 Rc4 (29... Rxc3 $11 {keeps the balance.} 30. Qb4 d4 $1 {[%mdl 512]}) 30. Nd4 $16 Kd8 ({Wrong is} 30... Rxc3 $2 31. Nxf5 Rxa3 32. Ng7+ {[%mdl 64] Zwischenzug} Kd8 33. Nxe6+ Qxe6 34. Rxa3 $18) ({Not} 30... Nxd4 $2 {[#]} 31. Qxh6 $1 {[%mdl 512]} Nf3+ 32. Kh1 $18) 31. Rg3 {Weighted Error Value: White=0.29/Black=0.30} (31. Rb1 $14) 1/2-1/2

[Event "EWCCC Online Final 2020"]
[Site "Online"]
[Date "2020.12.21"]
[Round "6.1"]
[White "Zawadzka, Jolanta"]
[Black "Hoang, Thanh Trang"]
[Result "1-0"]
[WhiteElo "2399"]
[BlackElo "2404"]
[Annotator "TA"]
[PlyCount "37"]
[EventDate "2020.12.19"]
[EventType "team-tourn"]
[EventCountry "NET"]
[SourceTitle "playchess.com"]
[Source "ChessBase"]
[SourceQuality "1"]

{[%evp 17,37,0,0,-4,51,55,66,64,272,273,275,267,344,334,406,402,327,246,580,559,1014,993]} 1. e4 e6 2. d4 d5 3. Nc3 Nf6 4. e5 Nfd7 5. f4 c5 6. Nf3 Nc6 7. Be3 a6 8. Qd2 b5 9. dxc5 Bxc5 10. Bd3 {C11: French: Classical System: 4 e5 and 4 Bg5 dxe4.} d4 {[#]} (10... Qb6 $11 11. Bxc5 Nxc5) 11. Nxd4 $1 $14 {[%mdl 512]} Nxd4 (11... Bxd4 12. Bxd4) 12. Ne4 $1 {White is slightly better.} Bb6 $2 (12... Qb6 $14 13. Nxc5 Nxc5 14. Bxd4 Nxd3+ 15. Qxd3 Qc6) 13. Nd6+ $18 Kf8 {[#]} 14. Be4 $1 {[%cal Re4a8]} Nxc2+ 15. Bxc2 Bxe3 16. Qxe3 Qa5+ 17. Kf2 {[#]} Ke7 $146 (17... Qb6 {is more resistant.} 18. Be4 Rb8) ({Predecessor:} 17... f5 18. Rhd1 Ke7 19. Qg3 Qb6+ 20. Kf1 Kf8 21. Nxc8 Rxc8 22. Rxd7 Rxc2 23. Qxg7+ {1-0 (22) Fegan,C (2090)-Patrick,D (1861) Coventry 2015}) 18. Rhd1 Qb6 19. Nxc8+ {Black got outplayed after the opening.  Weighted Error Value: White=0.09/Black=0.96} 1-0

[Event "EWCCC Online Final 2020"]
[Site "Online"]
[Date "2020.12.21"]
[Round "6.1"]
[White "Gara, Ticia"]
[Black "Kulon, Klaudia"]
[Result "1/2-1/2"]
[WhiteElo "2383"]
[BlackElo "2347"]
[Annotator "TA"]
[PlyCount "120"]
[EventDate "2020.12.19"]
[EventType "team-tourn"]
[EventCountry "NET"]
[SourceTitle "playchess.com"]
[Source "ChessBase"]
[SourceQuality "1"]

{[%evp 12,120,21,10,83,33,32,32,49,46,76,23,33,-57,24,2,-2,23,64,80,78,62,99,-33,-27,-89,-96,-85,-79,-66,48,62,41,47,130,133,139,155,181,173,205,205,201,195,192,184,185,189,208,134,137,134,145,136,135,128,125,108,236,102,105,95,91,69,69,69,117,100,109,82,90,78,88,27,29,25,22,4,4,4,4,4,4,4,14,14,14,14,14,8,14,0,0,0,0,0,0,0,0,0,21,0,0,0,0,0,0,0,0,0,0]} 1. Nf3 Nf6 2. g3 g6 3. b3 Bg7 4. Bb2 O-O 5. Bg2 d6 6. d4 c5 7. O-O {7.c4 deserves study.} Bg4 {A49: 1 d4 Nf6 2 Nf3 g6 3 g3: Anti-King's Indian systems.} (7... cxd4 $11 {keeps the balance.} 8. Nxd4 d5) 8. h3 {[#]} Bf5 $146 ({Predecessor:} 8... Bxf3 9. Bxf3 Qc7 10. c4 Nfd7 11. Nc3 Nc6 12. e3 a6 13. Bg2 Nb6 14. d5 Ne5 15. f4 {1-0 (43) Cameron,A (1827)-O'Rourke,R (1342) Mooroolbark 2011}) 9. c4 Qc8 {White is slightly better.} 10. Kh2 Nc6 {[#]} 11. e3 (11. d5 $1 $16 {[%cal Rd5c6]} Nb4 12. a3) 11... e5 12. Nh4 (12. d5 $14 Nb4 13. Ne1) 12... Bd7 (12... exd4 $15 13. Nxf5 Qxf5) 13. dxc5 dxc5 14. Nc3 Rd8 15. Qe2 g5 16. Nf3 g4 17. hxg4 (17. Ng5 $16) 17... Bxg4 18. Nd5 (18. e4 $11 {remains equal.}) 18... Nxd5 $17 19. cxd5 Rxd5 {Hoping for ...e4.} 20. Qc4 Be6 (20... Rd6 $15 21. Ng5 Qd7) 21. Ng5 $14 e4 22. Nxe6 Rh5+ (22... Qxe6 $14 23. Bxg7 Rh5+ 24. Kg1 Qxc4 25. bxc4 Kxg7) 23. Kg1 $16 Bxb2 {[#]} 24. Nf4 $1 {[%cal Rf4h5]} Bxa1 25. Nxh5 Bh8 26. Qxc5 Qe6 27. Nf4 Qe5 28. Qxe5 Bxe5 29. Bxe4 Rd8 30. Nd5 Kg7 31. f4 f5 32. Bf3 Bb2 33. Kg2 Ba3 34. Rh1 Nb4 (34... Ne7 $16) 35. Nxb4 (35. Ne7 $18 {and the rest is easy.}) 35... Rd2+ 36. Kh3 {Threatens to win with Nd5.} Bxb4 37. Bxb7 Rxa2 {[%mdl 4096] Endgame KRB-KRB} 38. e4 Rb2 39. exf5 Rxb3 40. Bd5 Rd3 41. Be6 Re3 42. Rd1 ({White should try} 42. Rc1 $16) 42... Be1 $1 $11 43. Rd7+ Kh6 44. Rxa7 {Black must now prevent Ra6.The position is equal.} Rxg3+ 45. Kh2 {f6 is the strong threat.} Rg4 46. f6 Rxf4 47. f7 Kg5 48. Ra8 Bb4 49. Rg8+ Kh4 50. Rh8 h5 51. Kg2 Bc5 52. Rg8 Rf2+ 53. Kh1 Rf1+ 54. Kg2 Rf2+ 55. Kh1 Rf6 56. Bd5 Rf1+ 57. Kg2 Rf2+ 58. Kh1 Rf1+ 59. Kg2 Rf2+ 60. Kh1 Rf1+ {Black escapes into a draw.  Weighted Error Value: White=0.19/Black=0.21} 1/2-1/2

[Event "EWCCC Online Final 2020"]
[Site "Online"]
[Date "2020.12.21"]
[Round "6.1"]
[White "Gara, Anita"]
[Black "Kubicka, Anna"]
[Result "0-1"]
[WhiteElo "2350"]
[BlackElo "2256"]
[Annotator "TA"]
[PlyCount "142"]
[EventDate "2020.12.19"]
[EventType "team-tourn"]
[EventCountry "NET"]
[SourceTitle "playchess.com"]
[Source "ChessBase"]
[SourceQuality "1"]

{[%evp 9,142,18,18,18,18,18,19,29,36,25,31,22,48,50,64,62,136,59,62,31,46,22,44,39,42,27,45,22,25,18,30,12,25,0,13,12,20,9,33,29,38,23,32,41,28,28,56,80,91,27,18,14,53,19,27,0,0,-62,-62,-62,-50,-62,-63,-92,-19,-20,-15,-11,0,0,221,200,417,0,0,0,0,0,0,0,0,0,0,0,0,0,0,0,0,0,0,-89,0,-122,-126,-295,-288,-343,-339,-416,-401,-447,-455,-567,-552,-586,-564,-542,-511,-633,-571,-647,-644,-613,-633,-589,-589,-815,-815,-965,-976,-1077,-985,-1385,-1345,-1124,-982,-1493,-1414,-2162,-2156,-12845,-12840,-12841,-1045]} 1. e4 c6 2. d4 d5 3. e5 c5 4. dxc5 e6 5. Nf3 Bxc5 6. Bd3 {B12: Caro-Kann: Advance Variation.} Ne7 7. O-O Nbc6 8. a3 {The position is equal.} Bb6 9. b4 Ng6 10. Re1 Qc7 {[%cal Rc6e5] 10...a5 is setting a new trend.} 11. Bb2 Nce7 12. Nbd2 Bd7 {[#]} ({Better is} 12... a5 $14) 13. Nb3 $146 (13. c4 $16) ({Predecessor:} 13. c4 dxc4 14. Nxc4 O-O 15. Rc1 Bc6 16. Nd6 Qd7 17. Ng5 h6 18. Nge4 Nf5 19. Nxf5 exf5 {½-½ (30) Rosen,W (2159)-Jacob,H (2009) Berlin 2010}) 13... O-O 14. Nbd4 a6 15. Rc1 Rac8 16. h4 h6 17. g3 Rfd8 18. h5 Nf8 19. Qd2 Nc6 20. Qf4 Nxd4 21. Nxd4 (21. Bxd4 {keeps more tension.} Bb5 22. g4 Nh7 23. Bxb6 Qxb6 24. g5) 21... Bxd4 (21... Ba4 {is interesting.} 22. Kh2 Qe7 23. Qd2 Re8 24. f4 Rc7) 22. Bxd4 Bb5 23. Qe3 Nd7 24. g4 Re8 25. f4 Qd8 26. g5 hxg5 27. fxg5 Bxd3 28. cxd3 Qe7 29. Rxc8 (29. Re2 $16) 29... Rxc8 $11 30. Re2 Qd8 31. Rg2 Qc7 32. Kh2 Qc1 33. Qf2 (33. Qxc1 $11 Rxc1 34. Rg1 Rc2+ 35. Rg2) 33... Qd1 $15 34. Qe2 Rc1 $1 35. Qxd1 Rxd1 {[%mdl 4096] Endgame KRB-KRN} 36. Rg3 Re1 (36... Rd2+ $17 37. Kg1 Ra2) 37. g6 $11 fxg6 ({Much worse is} 37... Nxe5 $6 38. gxf7+ Kf8 39. Kg2 $16) 38. Rxg6 Nxe5 39. Rg3 $1 Kf7 $2 (39... Kh7 $11 {and Black has nothing to worry.}) 40. Kg2 $18 Nc6 $2 (40... Re2+ 41. Kf1 Nc6) 41. Bxg7 $2 (41. Rxg7+ $18 Kf8 42. Bf6 Re2+ 43. Kg1 Re1+ 44. Kg2 Re2+ 45. Kg3) 41... Re2+ $11 42. Kg1 Re1+ 43. Kh2 Re2+ 44. Kh3 Ne7 45. h6 {And now h7 would win.} Re1 $1 46. Kg2 Re2+ 47. Kg1 Re1+ $1 48. Kg2 Re2+ 49. Kf3 Rh2 50. Be5 (50. Rg1 $11) 50... Nf5 (50... Rxh6 $17 {aiming for ...Nf5.} 51. Rg7+ Kf8) 51. Rg5 (51. Rg7+ $1 $11 {keeps the balance.} Nxg7 52. Bxh2) 51... Rxh6 $17 52. Rg1 $2 (52. Ke2 $17) 52... Rh3+ $19 53. Kg4 Rxd3 54. Rc1 Ne3+ 55. Kg5 Nc4 {[%mdl 64] [#] Double Attack. Black is clearly winning.} 56. Rf1+ Ke7 57. Bf6+ Kd7 58. a4 Ra3 59. a5 Rg3+ 60. Kf4 Rb3 61. Rh1 {Cut Off at move 61} Rxb4 62. Rh7+ Kc6 63. Kf3 Nxa5 64. Be5 Nc4 65. Bb8 Rb3+ 66. Ke2 a5 {[%cal Ba6a5,Ba5a4,Ba4a3,Ba3a2][%mdl 32]} 67. Re7 Re3+ 68. Kd1 a4 69. Kc2 a3 70. Ba7 {[#]} a2 $1 {( -> ...Rc3+!)} 71. Bd4 Re1 {Never resign too early!  Weighted Error Value: White=0.35/Black=0.23} 0-1

[Event "EWCCC Online Final 2020"]
[Site "Online"]
[Date "2020.12.21"]
[Round "6.1"]
[White "Antolak, Julia"]
[Black "Papp, Petra"]
[Result "1-0"]
[WhiteElo "2307"]
[BlackElo "2336"]
[Annotator "ChessBase"]
[PlyCount "91"]
[EventDate "2020.12.19"]
[EventType "team-tourn"]
[EventCountry "NET"]
[SourceTitle "playchess.com"]
[Source "ChessBase"]
[SourceQuality "1"]

1. e4 {[%emt 0:00:00]} c6 {[%emt 0:00:09]} 2. d4 {[%emt 0:00:02]} d5 {[%emt 0:00:01]} 3. Nc3 {[%emt 0:00:02]} dxe4 {[%emt 0:00:12]} 4. Nxe4 {[%emt 0:00:01]} Nf6 {[%emt 0:00:01]} 5. Nxf6+ {[%emt 0:00:02]} exf6 {[%emt 0:00:01]} 6. c3 {[%emt 0:00:01]} Bd6 {[%emt 0:00:02]} 7. Bd3 {[%emt 0:00:02]} O-O {[%emt 0:00:01]} 8. Qc2 {[%emt 0:00:01]} Re8+ {[%emt 0:00:02]} 9. Ne2 {[%emt 0:00:01]} h6 {[%emt 0:00:02]} 10. O-O {[%emt 0:00:13]} Nd7 {[%emt 0:00:03]} 11. Be3 {[%emt 0:00:51]} Nf8 {[%emt 0:00:08]} 12. Rfe1 {[%emt 0:00:05]} Qc7 {[%emt 0:01:10]} 13. h3 {[%emt 0:00:03]} Be6 {[%emt 0:00:13]} 14. c4 {[%emt 0:00:20]} Qd7 {[%emt 0:01:31]} 15. Ng3 {[%emt 0:03:08]} Bc7 {[%emt 0:05:48]} 16. Rad1 {[%emt 0:00:16]} Qd6 {[%emt 0:00:25]} 17. a3 {[%emt 0:03:07]} Rad8 {[%emt 0:00:12]} 18. b4 {[%emt 0:00:44]} Bb8 {[%emt 0:00:41]} 19. Rb1 {[%emt 0:01:08]} h5 {[%emt 0:00:24]} 20. c5 {[%emt 0:00:22]} Qc7 {[%emt 0:00:06]} 21. b5 {[%emt 0:00:01]} h4 {[%emt 0:00:09]} 22. Nf1 {[%emt 0:00:01]} Qd7 {[%emt 0:00:40]} 23. bxc6 {[%emt 0:00:43]} bxc6 {[%emt 0:00:06]} 24. Rb4 {[%emt 0:00:48]} f5 {[%emt 0:00:12]} 25. Bg5 {[%emt 0:00:54]} a5 {[%emt 0:00:49]} 26. Ra4 {[%emt 0:00:32]} Bb3 {[%emt 0:01:10]} 27. Rxe8 {[%emt 0:01:03]} Bxc2 {[%emt 0:00:23]} 28. Rxd8 {[%emt 0:00:03]} Qc7 {[%emt 0:00:53]} 29. Bxc2 {[%emt 0:00:08]} f6 {[%emt 0:00:01]} 30. Bb3+ {[%emt 0:00:18]} Kh7 {[%emt 0:00:03]} 31. Rxf8 {[%emt 0:00:18]} fxg5 {[%emt 0:00:01]} 32. Rxf5 {[%emt 0:00:02]} Qd8 {[%emt 0:00:39]} 33. Bc2 {[%emt 0:00:10]} g6 {[%emt 0:00:10]} 34. Rf7+ {[%emt 0:00:17]} Kh6 {[%emt 0:00:17]} 35. Ne3 {[%emt 0:00:40]} g4 {[%emt 0:00:03]} 36. Nxg4+ {[%emt 0:00:03]} Kg5 {[%emt 0:00:01]} 37. d5 {[%emt 0:01:02]} Qxd5 {[%emt 0:01:03]} 38. f4+ {[%emt 0:00:04]} Bxf4 {[%emt 0:00:03]} 39. Raxf4 {[%emt 0:00:02]} Qxc5+ {[%emt 0:00:04]} 40. Rf2 {[%emt 0:00:01]} Qxa3 {[%emt 0:00:05]} 41. R7f6 {[%emt 0:00:08]} Qa1+ {[%emt 0:00:13]} 42. Kh2 {[%emt 0:00:03]} Qd4 {[%emt 0:00:07]} 43. Rxg6+ {[%emt 0:00:09]} Kh5 {[%emt 0:00:01]} 44. Rf5+ {[%emt 0:00:07]} Kxg6 {[%emt 0:00:02]} 45. Rd5+ {[%emt 0:00:04]} Qe4 {[%emt 0:00:10]} 46. Bxe4+ {[%emt 0:00:02]} 1-0

[Event "EWCCC Online Final 2020"]
[Site "Online"]
[Date "2020.12.21"]
[Round "6.2"]
[White "Mammadova, Gulnar"]
[Black "Nandhidhaa, P V"]
[Result "1-0"]
[WhiteElo "2382"]
[BlackElo "2365"]
[Annotator "TA"]
[PlyCount "87"]
[EventDate "2020.12.19"]
[EventType "team-tourn"]
[EventCountry "NET"]
[SourceTitle "playchess.com"]
[Source "ChessBase"]
[SourceQuality "1"]

{[%evp 9,87,-13,20,30,47,57,51,0,0,0,0,-85,-87,-108,-32,-106,-97,-152,-148,-139,-100,-114,-58,-58,-38,-57,-30,-42,-29,-81,-36,-63,-67,-100,197,200,202,184,259,265,277,207,237,239,237,231,268,275,255,214,205,213,252,252,264,258,265,263,259,266,262,258,262,248,331,319,309,308,381,295,317,337,289,303,312,116,6636,6187,29997,29998]} 1. e4 c5 2. b3 g6 3. Bb2 Nf6 4. e5 Nd5 5. d4 cxd4 6. Qxd4 {B20: Sicilian: Unusual White 2nd moves.} Nc7 7. f4 {[#]} Nc6 $146 ({Predecessor:} 7... Bg7 8. Na3 Nc6 9. Qd2 d6 10. O-O-O dxe5 11. Qe1 Bd7 12. Nf3 O-O 13. Nc4 Qc8 14. Ncxe5 Nxe5 15. Nxe5 {1-0 (35) Bodnaruk,A (2470)-Melia,S (2393) Wroclaw 2016}) 8. Qd2 ({White should try} 8. Qe3 $14) 8... Bg7 $11 9. Nf3 d6 10. c4 (10. Nc3 $11 {keeps the balance.}) 10... O-O $17 11. Be2 dxe5 ({Better is} 11... Ne6 $17 12. g3 dxe5 13. fxe5 Qxd2+ 14. Nbxd2 b6) 12. fxe5 (12. Nxe5 $15 Bf5 13. O-O) 12... Bg4 13. Qe3 ({White should play} 13. O-O) 13... Ne6 14. O-O Qc7 15. Nbd2 Rad8 (15... Qb6 $17 16. Qxb6 axb6) 16. h3 $15 Bxf3 17. Nxf3 b6 18. Kh1 Nc5 19. Rab1 (19. Rad1 $11) 19... e6 20. Rfe1 Nb4 21. Rf1 Ncd3 $2 {[%mdl 8192] [#]} (21... Qb7 $17 {keeps the pressure on.}) 22. a3 $1 $18 {[%cal Ra3b4]} Nc2 23. Qe4 Nce1 (23... Nxb2 $142 24. Qxc2 Nxc4 25. Bxc4 (25. Qxc4 Bxe5 26. Qe4 Bg3 $18) 25... Bxe5 26. Nxe5 Qxe5) 24. Nxe1 Nxb2 25. Rxb2 Bxe5 26. Rc2 Rd4 27. Qe3 {aiming for Nf3.} Bg7 28. Nf3 Rd7 29. Rd2 Rxd2 30. Qxd2 e5 31. Ng5 {[%cal Bf3g5,Bg5e4,Be4c3,Bc3d5][%mdl 32]} h6 32. Ne4 Rd8 33. Qe3 f5 34. Nc3 e4 35. Nd5 Qe5 36. b4 Kh7 37. g4 Rf8 38. gxf5 gxf5 39. Qf4 Qb2 40. Bh5 Be5 41. Qf2 Qxa3 {[#]} 42. Qh4 $2 (42. Qg2 $1 $18 {[%cal Rg2g6] is the precise move to win. White threatens Qg6+ and mate.} Qg3 43. Qxg3 Bxg3 44. c5) 42... Qd3 $2 {[%mdl 8192]} (42... Rg8 $16) 43. Rg1 {Qe7+! would kill now.} Qd2 {[#]} 44. Qe7+ $1 {[%mdl 64] Double Attack. White used his chance.  Weighted Error Value: White=0.27/Black=0.44} 1-0

[Event "EWCCC Online Final 2020"]
[Site "Online"]
[Date "2020.12.21"]
[Round "6.2"]
[White "Tokhirjonova, Gulrukhbegim"]
[Black "Mammadzada, Gunay"]
[Result "0-1"]
[WhiteElo "2378"]
[BlackElo "2443"]
[Annotator "TA"]
[PlyCount "110"]
[EventDate "2020.12.19"]
[EventType "team-tourn"]
[EventCountry "NET"]
[SourceTitle "playchess.com"]
[Source "ChessBase"]
[SourceQuality "1"]

{[%evp 14,110,26,-15,26,26,13,0,-5,0,0,-2,12,11,6,6,29,21,37,-42,-43,-40,-45,-47,-30,-41,5,-24,-27,-250,-88,-162,-128,-132,-127,-133,-74,-143,-108,-209,-197,-211,-209,-270,-268,-248,-258,-250,-263,-239,-87,-87,-79,-94,-76,-71,-73,-67,-82,-222,-236,-696,-692,-702,-202,-206,-203,-199,-104,-114,-136,-240,-239,-299,-301,-412,-406,-415,-408,-452,-377,-502,-487,-567,-566,-897,-882,-685,-460,-818,-813,-29980,-29981,-29980,-29981,-29980,-29981,-29992,-29993]} 1. e4 c5 2. Nf3 d6 3. d4 cxd4 4. Nxd4 Nf6 5. Nc3 a6 6. h3 e6 7. g4 h6 8. Be3 Be7 {B81: Sicilian Scheveningen: Keres Attack.} 9. Bg2 Nc6 10. Qe2 (10. Qd3 {is more complex.} Ne5 11. Qe2 Qc7 12. O-O-O Bd7 13. f4) 10... Nxd4 {The position is equal.} 11. Bxd4 e5 12. Be3 Be6 13. O-O-O Rc8 14. Nd5 Nxd5 15. exd5 Bd7 16. f4 ({White should play} 16. Be4 $14) 16... exf4 $15 17. Bxf4 O-O 18. Kb1 Bf6 19. Qf2 Rc5 {[#]} 20. Rd3 $146 ({Predecessor:} 20. c3 Ba4 21. Rc1 Bb5 22. Qg3 Bh4 23. Qh2 Re8 24. Bxd6 Bd3+ 25. Ka1 Rb5 26. Be5 {0-1 (40) Martic,I (2367)-Draskovic,L (2458) Belgrade 2017}) 20... Bb5 21. Rd2 $2 (21. Ra3 $11 {and White stays safe.}) 21... Rc4 $2 (21... Bc4 $19 {is more deadly. And now ...Qa5! would win.} 22. Bf1 Bxb2 $1 {[%mdl 512]} 23. Bxc4 Rxc4 24. Kxb2 Qf6+ 25. c3 Rxf4) 22. Be3 (22. c3 $17) 22... Re8 {Threatens to win with ...Rb4.} 23. Bb6 Qe7 24. c3 {[#]} Bh4 ({Black should try} 24... Re4 $1 {[%mdl 512] aiming for ...Bh4.} 25. Qf3 (25. Bxe4 Qxe4+) 25... Re5) 25. Qf3 (25. Qf5 $142) 25... Bg5 26. Rdd1 (26. Rd4 $17) 26... Rf4 $19 27. Qg3 Be2 $1 {[%cal Re2d1]} 28. Rde1 Bh4 29. Qxf4 Bd3+ 30. Ka1 Qxe1+ 31. Qc1 Qxc1+ $2 (31... Qg3 $1 $19 {[%cal Rg3g2] has better winning chances.} 32. Rg1 Re2) 32. Rxc1 $17 Bg5 $36 {[%mdl 2048] Black has strong initiative.} 33. Rd1 Bc2 34. Rf1 Re2 35. Bf3 Rh2 36. Bc7 (36. Rh1 $17 {was the only chance.} Rd2 37. a3) 36... Rxh3 $19 37. Bxd6 $2 (37. Be2) 37... Bd3 38. Rf2 Be3 $2 (38... Bh4 39. Rd2 Rxf3) 39. Bg2 {[#]} Rh4 $1 40. Rf3 {[#]} Rxg4 (40... Be4 $1 $19 {...Bg5 is the strong threat.} 41. a3 (41. Rxe3 $2 Bxg2 42. b3 Bxd5 $19) 41... Bb6) 41. Rxe3 $17 Rxg2 $19 {[%mdl 4096] Endgame KRB-KRB} 42. b4 (42. b3 $17 Bf5 43. Re8+ Kh7 44. Re7) 42... Bc4 43. Re8+ Kh7 44. Be5 {Now d6 and White clings on.} Rxa2+ 45. Kb1 Bxd5 46. Re7 Re2 47. Kc1 b5 48. Kd1 Bc4 49. Kc1 h5 50. Bd6 Rf2 51. Ra7 (51. Bc5 $142 Rf1+ 52. Kd2) 51... h4 52. Rxa6 h3 {Black mates.} 53. Ra7 h2 54. Bxh2 Rxh2 55. Rxf7 Bxf7 {Weighted Error Value: White=0.90/Black=0.40} 0-1

[Event "EWCCC Online Final 2020"]
[Site "Online"]
[Date "2020.12.21"]
[Round "6.2"]
[White "Dauletova, Gulmira"]
[Black "Mamedjarova, Turkan"]
[Result "1-0"]
[WhiteElo "2319"]
[BlackElo "2309"]
[Annotator "ChessBase"]
[PlyCount "93"]
[EventDate "2020.12.19"]
[EventType "team-tourn"]
[EventCountry "NET"]
[SourceTitle "playchess.com"]
[Source "ChessBase"]
[SourceQuality "1"]

1. e4 {[%emt 0:00:00]} e5 {[%emt 0:00:03]} 2. Nf3 {[%emt 0:00:03]} Nc6 {[%emt 0:00:01]} 3. Bb5 {[%emt 0:00:03]} a6 {[%emt 0:00:02]} 4. Ba4 {[%emt 0:00:02]} Nf6 {[%emt 0:00:02]} 5. O-O {[%emt 0:00:05]} Bc5 {[%emt 0:01:08]} 6. c3 {[%emt 0:00:22]} b5 {[%emt 0:00:13]} 7. Bb3 {[%emt 0:00:23]} d6 {[%emt 0:00:38]} 8. d3 {[%emt 0:00:27]} h6 {[%emt 0:00:30]} 9. a4 {[%emt 0:00:10]} Bb7 {[%emt 0:00:29]} 10. Na3 {[%emt 0:00:59]} b4 {[%emt 0:00:13]} 11. Nc4 {[%emt 0:00:11]} O-O {[%emt 0:00:37]} 12. a5 {[%emt 0:00:25]} bxc3 {[%emt 0:02:25]} 13. bxc3 {[%emt 0:00:04]} Rb8 {[%emt 0:00:30]} 14. Ne3 {[%emt 0:02:54]} Ne7 {[%emt 0:00:46]} 15. Bc4 {[%emt 0:01:51]} Bc8 {[%emt 0:01:53]} 16. d4 {[%emt 0:00:34]} Ba7 {[%emt 0:00:10]} 17. Qd3 {[%emt 0:01:43]} Ng6 {[%emt 0:01:36]} 18. Nd5 {[%emt 0:02:35]} Nxd5 {[%emt 0:00:33]} 19. Bxd5 {[%emt 0:00:02]} Qf6 {[%emt 0:01:33]} 20. Be3 {[%emt 0:00:48]} Nf4 {[%emt 0:01:07]} 21. Bxf4 {[%emt 0:00:08]} Qxf4 {[%emt 0:00:10]} 22. Rab1 {[%emt 0:01:18]} Bg4 {[%emt 0:00:11]} 23. Nd2 {[%emt 0:00:25]} exd4 {[%emt 0:00:30]} 24. cxd4 {[%emt 0:00:02]} Qf6 {[%emt 0:00:35]} 25. Nb3 {[%emt 0:00:03]} Rb5 {[%emt 0:00:29]} 26. Bc4 {[%emt 0:00:09]} Rh5 {[%emt 0:00:03]} 27. Qg3 {[%emt 0:01:16]} Be6 {[%emt 0:00:10]} 28. Bxa6 {[%emt 0:00:05]} Bxb3 {[%emt 0:00:03]} 29. Rxb3 {[%emt 0:00:02]} Rxa5 {[%emt 0:00:03]} 30. Bc4 {[%emt 0:00:02]} Bxd4 {[%emt 0:00:06]} 31. Bd5 {[%emt 0:00:02]} Be5 {[%emt 0:00:10]} 32. Qh3 {[%emt 0:00:02]} Ra1 {[%emt 0:00:09]} 33. g3 {[%emt 0:00:10]} Rxf1+ {[%emt 0:00:07]} 34. Qxf1 {[%emt 0:00:02]} Bd4 {[%emt 0:00:04]} 35. Qe2 {[%emt 0:00:04]} Bc5 {[%emt 0:00:07]} 36. Rf3 {[%emt 0:00:02]} Qd4 {[%emt 0:00:12]} 37. Rf5 {[%emt 0:00:09]} g6 {[%emt 0:00:05]} 38. Rf4 {[%emt 0:00:05]} Kg7 {[%emt 0:00:06]} 39. Qf3 {[%emt 0:00:05]} f6 {[%emt 0:00:13]} 40. h4 {[%emt 0:00:02]} Rb8 {[%emt 0:00:04]} 41. Qg4 {[%emt 0:00:05]} h5 {[%emt 0:00:11]} 42. Qd7+ {[%emt 0:00:03]} Kh6 {[%emt 0:00:02]} 43. Qf7 {[%emt 0:00:08]} Qa1+ {[%emt 0:00:08]} 44. Kg2 {[%emt 0:00:01]} Bd4 {[%emt 0:00:03]} 45. g4 {[%emt 0:00:10]} Be5 {[%emt 0:00:07]} 46. gxh5 {[%emt 0:00:03]} Kxh5 {[%emt 0:00:04]} 47. Qh7# {[%emt 0:00:05]} 1-0